Một trận cười bằng mười thang thuốc bổ = Laughter, the best medicine
Đã lưu trong:
| Format: | Bog |
|---|---|
| Sprog: | Undetermined |
| Udgivet: |
Hải Phòng
Nhà xuất bản Hải Phòng
2004
|
| Fag: | |
| Tags: |
Tilføj Tag
Ingen Tags, Vær først til at tagge denne postø!
|
| Thư viện lưu trữ: | Trung tâm Học liệu Trường Đại học Cần Thơ |
|---|
| LEADER | 00617nam a2200193Ia 4500 | ||
|---|---|---|---|
| 001 | CTU_63378 | ||
| 008 | 210402s9999 xx 000 0 und d | ||
| 020 | |b 25000 | ||
| 082 | |a 808.882 | ||
| 082 | |b M458 | ||
| 245 | 0 | |a Một trận cười bằng mười thang thuốc bổ = | |
| 245 | 0 | |b Laughter, the best medicine | |
| 245 | 0 | |c Nguyễn Thế Dương biên dịch | |
| 260 | |a Hải Phòng | ||
| 260 | |b Nhà xuất bản Hải Phòng | ||
| 260 | |c 2004 | ||
| 650 | |a English language,Wit and homor | ||
| 904 | |i Mai Loan | ||
| 980 | |a Trung tâm Học liệu Trường Đại học Cần Thơ | ||